[Event "FIDE World Cup"]
[Site "Khanty-Mansiysk"]
[Date "2009.11.29"]
[Round "3.3"]
[White "Eljanov, Pavel"]
[Black "Malakhov, Vladimir"]
[Result "0-1"]
[WhiteElo "2729"]
[BlackElo "2706"]
[Annotator "Rogozenco,D"]
[PlyCount "62"]
[EventDate "2009.11.21"]
[EventType "k.o."]
[EventRounds "7"]
[EventCountry "RUS"]
[SourceTitle "CBM 134"]
[Source "ChessBase"]
[SourceDate "2010.01.18"]
[SourceVersion "1"]
[SourceVersionDate "2010.01.18"]
[SourceQuality "1"]

{This was the first game of the tie-break rapid match from the third round of
the World Cup 2009. Black's convincing win had a big psychological impact for
the rest of the match (Malakhov won also the other two games).} 1. d4 d5 2. c4
c6 3. Nf3 Nf6 4. Nc3 a6 5. e3 b5 6. c5 g6 7. Ne5 {At a later stage of the
World Cup Svidler against Malakhov played 7.Bd3 and achieved a promising
position, although Black won nicely in the end.} Bg7 8. f4 O-O 9. Bd3 Be6 {
Black's plan is Qc7, Nbd7, exchange on e5, then retreat the knight from f6 to
d7 and play f7-f6.} ({The third game of the match continued:} 9... Qc7 10. O-O
Be6 11. g4 (11. Bd2 Nbd7 12. b4 a5 13. bxa5 Rxa5 14. a4 bxa4 15. Rxa4 Rfa8 16.
Rxa5 Rxa5 17. Qb3 Ra8 18. Rb1 Nxe5 19. fxe5 Nd7 20. Qb4 f6 21. exf6 Nxf6 22.
Qb7 Qxb7 23. Rxb7 Kf7 $11 {1/2-1/2 Malakhov,V (2706)-So,W (2640)/Khanty
Mansiysk 2009 (38)}) 11... Nbd7 12. f5 Nxe5 $1 13. dxe5 Nd7 14. fxe6 fxe6 15.
Bd2 Nxc5 16. Bc2 Bxe5 17. Qe2 a5 {0-1 Eljanov,P (2729)-Malakhov,V (2706)/
Khanty Mansiysk 2009 (47). Black has good compensation for the piece.}) 10. g4
Qc7 11. Bd2 a5 (11... Nbd7 {is still possible, because} 12. f5 Nxe5 13. dxe5
Nd7 14. fxe6 fxe6 {as in the aforementioned third game is not problematic for
Black.}) 12. g5 {A questionable decision. Now Black takes control over the
light squares in the centre.} ({Better was} 12. f5 Bc8 13. O-O $13) ({or the
immediate} 12. O-O) 12... b4 $1 13. Na4 ({Also in the event of} 13. gxf6 exf6
14. Ne2 fxe5 15. fxe5 f6 16. Nf4 Qe7 {Black has sufficient play.}) 13... Ne4
14. Nb6 Ra7 {Black's play is very simple: he wants to open the centre with
f7-f6. It is White who must find a way to hold the balance.} 15. Qe2 ({Perhaps
the best was to accept that Black had solved all the opening problems and try
to keep the position closed with} 15. Bxe4 dxe4 16. Nec4 {then Qe2, 0-0-0 and
h2-h4-h5. If} f6 {then} 17. h4) 15... f6 16. Nf3 $2 ({Necessary was} 16. Bxe4
fxe5 (16... dxe4 17. gxf6 exf6 18. Nec4 {[%csl Rd6]}) 17. Bc2 $13 exd4 $140 18.
exd4 Bf5 19. Bxf5 Rxf5 20. Qe6+ Kh8 21. h4 $40 {[%csl Ra7,Rh8][%cal Gh4h5]})
16... Nd7 17. Nxd7 Qxd7 18. gxf6 {There is no choice.} (18. O-O-O $2 fxg5 19.
fxg5 Bg4 20. Rdf1 Nxg5 $19) (18. h4 $2 Ng3) 18... exf6 19. O-O-O Bf5 $17 {
White has completely lost the strategic battle, but his position is even worse
than just "bad strategically". Black has a nice tactical idea, which is easy
to overlook.} 20. Rdg1 $2 ({A move like} 20. Bb1 $17) ({Or even} 20. Nh4 Bg4
21. Nf3 $17 {was called for}) 20... b3 $1 21. a3 (21. axb3 a4 22. b4 a3 {
gives Black a strong attack.}) 21... Nf2 $1 {It's already over. After the
exchange of the light-squared bishop White remains with lots of weak squares
and on top of all his king is also very weak.} 22. Qxf2 (22. Bxf5 Qxf5 $19 {
[%csl Rc2]}) 22... Bxd3 $19 23. h4 h5 24. Rg3 Bf5 25. Bc3 a4 26. Nd2 ({The
only chance to avoid a quick loss was} 26. Kd2 {[%cal Gd2e1,Ge1f1,Gf1g2]})
26... Kh7 27. Rhg1 Bh6 28. Nb1 Re8 29. Bd2 Bg4 30. Nc3 Qf5 31. Be1 Bxf4 $1 (
31... Bxf4 32. exf4 (32. Qxf4 Qc2#) 32... Re2 33. Nxe2 Qc2#) 0-1

[Event "FIDE World Cup"]
[Site "Khanty-Mansiysk"]
[Date "2009.12.03"]
[Round "5.1"]
[White "Svidler, Peter"]
[Black "Malakhov, Vladimir"]
[Result "0-1"]
[WhiteElo "2754"]
[BlackElo "2706"]
[Annotator "Rogozenco,D"]
[PlyCount "62"]
[EventDate "2009.11.21"]
[EventType "k.o."]
[EventRounds "7"]
[EventCountry "RUS"]
[SourceTitle "CBM 134"]
[Source "ChessBase"]
[SourceDate "2010.01.18"]
[SourceVersion "1"]
[SourceVersionDate "2010.01.18"]
[SourceQuality "1"]

{The World Cup 2009 was one of the most successful tournaments in Malakhov's
career. His outstanding result with the Black pieces in the Chebanenko Slav
contributed enormously to this performance.  Malakhov's idea in the Chebanenko
Slav of not being bothered about getting slightly passive positions proved to
be very effective in Khanty Mansiysk. In their wish to take advantage of the
white pieces his opponents often crossed the line when trying to break through
Black's solid bastions. At those moments Malakhov made full use of his chances,
pointing out the weaknesses in opponent's positions. In the present encounter
Svidler was aiming for a sharp game and had prepared a novelty in order to get
a new and fresh position. The passivity would have led to unpleasant play for
Black, therefore Malakhov reacted in a very active way at an early stage,
which resulted in a highly tense battle which had already started on move 10.
Svidler's determined play led to a strong initiative on the kingside for White.
However, Malakhov kept his cool and in the end it was White who collapsed
under the pressure.} 1. d4 d5 2. c4 c6 3. Nc3 Nf6 4. Nf3 a6 5. e3 b5 6. c5 g6
7. Bd3 Bg4 {After the exchange of the bishop for the knight White gets an edge,
but in the resulting positions it is generally difficult to make further
progress. In the event of the much more popular 7...Bg7 White can consider 8.
h3, preventing simplifications in a position in which he has a space advantage.
} 8. h3 Bxf3 9. Qxf3 ({Malakhov seems to be fond of the pawn structure arising
after} 9. gxf3 Nbd7 10. f4 {which represents an important alternative for
White.}) 9... Bg7 10. g4 $5 $146 {An interesting and somewhat provocative
novelty. White prepares the optimal arrangement of pieces - Qg3 and f2-f4.} (
10. Qg3 Nbd7 11. f4 e6 12. Bd2 h5 $5 13. O-O h4 14. Qf3 Nh5 15. Ne2 a5 16. e4
f5 17. e5 Bf8 18. Kh2 Be7 19. g4 hxg3+ 20. Nxg3 Nxg3 21. Qxg3 Rh6 22. Rf3 Bh4
23. Qg2 Nf8 24. Be1 Bxe1 25. Rxe1 Ra7 26. Rg1 Rah7 27. Bf1 Rh4 28. Qd2 Ra7 {
1/2-1/2 Marcelin,C (2481)-Prie,E (2507)/Besancon 2006}) 10... e5 {This
standard advance is the most natural reaction to White's kingside actions. Now
the position becomes very sharp.} (10... Nbd7 11. Qg3 O-O 12. f4 $14) 11. Qg3 (
11. dxe5 $2 Nfd7 $17) 11... Nfd7 ({In the event of} 11... e4 12. Bc2 {White
will decide the moment when to open up the centre with f2-f3.}) 12. Ne2 Qe7 13.
O-O h5 ({Less committal and therefore more cautious is} 13... O-O 14. a4 b4 15.
Bd2 a5 $13) 14. f3 {Ruling out Black's possibility to close the centre with
e5-e4. Now White will himself prepare the advance e3-e4 in order to open the
position quickly, trying to exploit of his lead in development and the bishop
pair.} ({The immediate} 14. a4 b4 15. Bd2 a5 16. e4 {is too early:} dxe4 17.
Bxe4 hxg4 18. hxg4 exd4 {[%csl Re4]} 19. Bg2 (19. Rae1 $2 Qxe4 {[%cal Gh8h1]}
20. f3 Be5 21. Nf4 Qc2 $19) 19... Nxc5 $17) 14... Nf8 {Another standard
manoeuvre in such pawn formations - the knight goes to e6 where it will point
out the weakest point of White's structure: the pawn on d4. On the other hand
Black remains with development problems and the knight retreat helps White to
open the centre quickly.} (14... a5 15. Bd2 Na6 {deserved attention, since the
a5-pawn is not hanging:} 16. Bxa5 $2 Naxc5 {[%csl Ra5][%cal Ga8a5]} 17. Bb4
$140 exd4 18. exd4 Qe3+ $19) 15. a4 $1 {Winning a tempo for development.} b4
16. Bd2 a5 17. e4 $1 dxe4 18. Bxe4 Ne6 $1 (18... exd4 19. Bf4 $36 {is much too
dangerous.}) 19. Rae1 h4 ({Another option was} 19... hxg4 $5 {/\ 20...0-0.})
20. Qf2 O-O 21. f4 {Very energetic play by Svidler.} exd4 ({Again Black had a
reasonable alternative:} 21... exf4 22. Bxf4 (22. Bb1 $5 Na6 $1 $13 (22... g5
23. Nxf4 $1 gxf4 24. Bxf4 $44)) 22... Nxc5 $1 23. dxc5 Qxe4 24. Bd6 Na6 25.
Bxf8 Rxf8 {and with a pawn and strong bishop Black has compensation for the
exchange, since White's structure is weak and the king quite exposed.}) 22. f5
{This logical desire to continue active actions without wasting time allows
Black to get counterplay.} ({After} 22. Nc1 {(bringing the knight to d3 or b3)
Black has no time to take the pawn c5 and White's prospects are clearly
preferable.} Nxc5 (22... Qxc5 23. f5 $40) 23. Bxc6) 22... Nxc5 23. Bb1 d3 $1
24. Nc1 (24. Nf4 Qd6 25. Be3 (25. fxg6 fxg6 26. Ba2+ b3 $19) 25... Ne4 26. Qf3
Ng3 27. Rf2 Nd7 28. Nxd3 Rae8 $17) 24... Qd6 25. Ba2 $2 {A blunder, losing
material.} ({It is understandable that Svidler rejected} 25. f6 Bxf6 26. Qxf6
Qg3+ 27. Kh1 Qxh3+ 28. Kg1 Qxg4+ 29. Kh2 (29. Kh1 $6 Ne4) 29... Qg3+ 30. Kh1 {
when Black is left with a pleasant choice between forcing a draw, or
continuing to play on with} Nbd7 $15) ({But} 25. Qxh4 $1 {would have kept the
result of the game entirely open. The concrete analysis shows that White is
hardly worse:} Bd4+ (25... g5 $2 26. Bxg5 (26. Qxg5 $6 Qg3+) 26... Bxb2 (26...
d2 $2 27. f6 $18) 27. Nxd3 $1 Nxd3 (27... Bd4+ 28. Kg2 $18) 28. f6 Nd7 (28...
c5 29. Qh6 {with mate}) 29. Rf3 $18) (25... Bf6 26. g5 Qd4+ (26... Bd4+ 27. Be3
(27. Kg2 $5) 27... Bxe3+ 28. Rxe3 d2 29. fxg6 fxg6 30. Rxf8+ Qxf8 31. Qc4+ Kh7
(31... Qf7 $2 32. Re8+ Kg7 33. Qd4+ $18) 32. Qh4+ Kg8 33. Qc4+ $11) 27. Qxd4
Bxd4+ 28. Kg2 Nbd7 29. Nxd3 Nxd3 30. Bxd3 Ne5 31. Bb1 Bxb2 32. Re2 Nd7 33. Ba2
$14 {favours White to some degree.}) (25... Nbd7 26. fxg6 Qxg6 (26... fxg6 $2
27. Ba2+) 27. Rf5 $36) 26. Kg2 Nbd7 (26... Qd5+ 27. Rf3 Nbd7 28. Ba2 $1 (28.
Nxd3 Nxd3 29. Bxd3 Rae8 $1 $36) 28... b3 (28... Bf6 29. g5 $18) 29. Nxb3 Nxb3
30. Bxb3 Qxb3 31. fxg6 fxg6 32. Re7 Nf6 33. Rxf6 ({or even} 33. Qh6 Rf7 34.
Qxg6+ Kf8 35. Re2 $1 {[%cal Gd2h6] must win}) 33... Qd5+ 34. Kh2 Qe5+ 35. Rf4
$1 (35. Rxe5 Bxe5+ 36. Kg2 Rxf6 $13) 35... Rxf4 36. Qh7+ Kf8 37. Rxe5 Bxe5 38.
Qh6+ Kf7 39. Bxf4 $18) 27. Ba2 (27. Nxd3 Nxd3 28. Bxd3 Bf6 29. Qg3 Qd5+ $1 30.
Qf3 Qxf3+ 31. Kxf3 Ne5+ $17) 27... Bxb2 {and in this extremely sharp and
complicated position the chances are about equal. One possible fantastic
variation is} 28. Qg5 b3 29. fxg6 bxa2 30. gxf7+ Kh8 31. Rf3 $5 {in order to
prevent the check from d5.} (31. Rf5 {might be even better}) {and if} 31...
a1=Q {then} 32. Re8 $3 {[%cal Gg5g8] An incredible position. Black must look
for escape with an extra queen and knight!} Nf6 (32... Raxe8 33. Qh5+ Kg7 34.
fxe8=Q Rxe8 35. Rf7+ Kg8 36. Qh7#) 33. Qh6+ Nh7 34. Qxd6 Raxe8 35. fxe8=Q Rxe8
36. Qxc5 $16) 25... Bd4 {Now Black wins by force.} 26. Be3 (26. Re3 Ne4 $19)
26... Ne4 27. Qxh4 (27. Qg2 d2 $19) 27... g5 $1 {Malakhov is precise until the
end.} (27... d2 $2 {would have allowed White to escape after} 28. fxg6 Ng5 (
28... Qxg6 $2 29. Bxd4 $18) (28... Bxe3+ 29. Rxe3 Qxg6 30. Nb3 $36 {[%cal
Ga2b1]}) 29. gxf7+ Nxf7 30. Qg5+ Bg7 31. Bxd2 Qg3+ 32. Kh1 Qxh3+ 33. Kg1 $11)
28. Qh5 d2 29. f6 Qxf6 $1 ({Again it was easy to go wrong:} 29... Bxf6 $2 30.
Bxd2 $1 Nxd2 $2 31. Qg6+ $16) 30. Bxd4 Qxd4+ 31. Kg2 dxe1=N+ {The most elegant
solution.} ({White gets mated:} 31... dxe1=N+ 32. Kh2 (32. Rxe1 Qf2+ 33. Kh1
Ng3#) (32. Kh1 Ng3+ 33. Kh2 Nxf1+ 34. Kh1 Ng3+ 35. Kh2 Qf2#) 32... Qd2+ 33. Kg1
Qg2#) 0-1

[Event "RUS-ch 63rd"]
[Site "Moscow"]
[Date "2010.12.22"]
[Round "11"]
[White "Malakhov, Vladimir"]
[Black "Karjakin, Sergey"]
[Result "1-0"]
[WhiteElo "2712"]
[BlackElo "2760"]
[Annotator "Krasenkow,M"]
[PlyCount "133"]
[EventDate "2010.12.11"]
[EventType "tourn"]
[EventRounds "11"]
[EventCountry "RUS"]
[EventCategory "19"]
[SourceTitle "CBM 140"]
[Source "ChessBase"]
[SourceDate "2011.01.18"]
[SourceVersion "1"]
[SourceVersionDate "2011.01.18"]
[SourceQuality "1"]

1. d4 Nf6 2. c4 e6 3. Nc3 Bb4 4. Qc2 O-O 5. a3 Bxc3+ 6. Qxc3 d5 7. Bg5 c5 8.
dxc5 d4 9. Qc2 e5 {This sharp line was examined by GM R.Wojtaszek in
annotations to his game against A.Dreev - see CBM 130.} 10. e3 $5 $146 {
[%mdl 8] A new move order. In previous games Black had no problems:} (10. e4 $6
{[%csl Gd4]} a5 11. f4 (11. Nf3 $6 h6 12. Bh4 Re8 13. Bd3 Nbd7 14. O-O a4 15.
Nd2 Nxc5 $17 {0-1 Thorfinnsson,B (2383)-Hammer,J (2566)/Oslo 2009/CBM 130
Extra (44)}) 11... h6 12. Bh4 exf4 13. O-O-O Nc6 14. Nf3 Re8 $1 15. e5 Nxe5 16.
Rxd4 Qe7 $36 {1/2 Dreev,A (2688)-Wojtaszek,R (2608)/Budva 2009/CBM 130/
[Wojtaszek] (42)}) (10. Nf3 Re8 11. e3 h6 12. Bxf6 Qxf6 13. Bd3 Nd7 14. O-O
Nxc5 15. exd4 exd4 16. b4 Nxd3 17. Qxd3 Rd8 $15 {1/2 Morozevich,A (2771)-Anand,
V (2791)/Nice 2009/CBM 129 Extra (28)}) (10. O-O-O Nbd7 (10... h6 11. Bh4 Nbd7
12. Nf3 Qe7 13. g4 $6 Nxc5 14. g5 hxg5 15. Bxg5 Bg4 16. Rg1 d3 $1 17. Qc3 Nce4
$17 {0-1 Lorscheid,G (2345)-Babula,V (2566)/Pardubice 2009/CBM 131 Extra (32)})
11. e3 h6 12. Bh4 dxe3 13. fxe3 Qe7 14. Nf3 a5 15. Kb1 a4 16. Be2 Ra6 17. Rd6
Nxc5 18. Rxa6 bxa6 $15 {1/2 Flear,G (2485)-Riff,J (2507)/Le Port Marly 2009/
CBM 130 Extra (56)}) 10... h6 11. Bh4 Re8 (11... dxe3 12. fxe3 Nbd7 13. b4 $5)
(11... Nbd7 12. exd4 exd4 13. O-O-O Nxc5 14. Nf3 {[%csl Rd4]}) 12. O-O-O Nc6
13. Nf3 b6 $5 {Black renounces any attempts to regain the c5-pawn in order
just to open up the files against the white king. However, he fails to obtain
sufficient counterplay.} (13... Bg4 14. Be2 Bh5 {[%cal Rh5g6]} 15. exd4 exd4
16. Rhe1 g5 (16... Bg6 $2 17. Bd3) 17. Bg3 Ne4 18. Bd3 Nxc5 19. Rxe8+ Qxe8 20.
Bh7+ Kg7 21. h4 $5 $36) 14. exd4 exd4 15. cxb6 axb6 16. Bd3 Qd6 {[%cal Rc6b4]}
17. Kb1 (17. Rhe1 $5 $16 Nb4 $2 18. Rxe8+ Nxe8 19. axb4 Ra1+ 20. Kd2 $18) 17...
Bg4 18. h3 Bxf3 19. gxf3 Ne5 20. Bg3 Qc6 21. Be4 (21. Bxe5 $142 Rxe5 22. f4
Ree8 23. Rhg1 $16) 21... Nxe4 22. Qxe4 Qxe4+ (22... Qxc4 $1 23. Rxd4 (23. Bxe5
Rxa3 $1 {forcing a perpetual}) (23. Qxd4 Qxd4 24. Rxd4 Nxf3 25. Rd6 Re2 26.
Rxb6 Nd2+ 27. Ka1 Ne4 $132) 23... Nxf3 $1 24. Qxe8+ (24. Qxa8 Nd2+ $1 25. Ka1
Nb3+ $11) 24... Rxe8 25. Rxc4 Nd2+ 26. Kc2 Nxc4 27. Rd1 g5 $14 {was a better
version of the same endgame for Black.}) 23. fxe4 Nxc4 24. Rxd4 Rxe4 25. Rhd1
$16 {In such a position, with potential passed pawns on both sides, the bishop
is usually (when there are no more important factors) stronger than the knight.
} Rxd4 (25... Rae8 $5 26. Rxe4 Rxe4 27. Kc2 {[%cal Rc2d3]} f5 28. Rd5 $1 f4 29.
Kd3 fxg3 30. fxg3 Re3+ 31. Kxc4 Rxg3 32. a4 Rxh3 33. Rd6 $16 {- White is
better here as his passed pawns are supported by his king.}) 26. Rxd4 {[%mdl
4096]} Nxa3+ (26... Rc8 27. Ka2 {etc. looks like a slow death for Black;
therefore he decides to give up his knight for White's queenside pawns.
Unfortunately, in the resulting ending White keeps good winning chances. Don't
forget that h8 is a "good corner" for the white bishop!}) 27. bxa3 Rxa3 28. h4
Rf3 29. Kc2 Rf5 30. Kd3 b5 31. Ke4 Rc5 32. Rd5 Rc4+ 33. Kd3 Rb4 34. Kc3 Rb1 35.
Kc2 Rb4 36. Rf5 f6 37. Kc3 Rb1 38. Rf4 Kf7 $6 (38... Rc1+ $142 {keeping the
b5-pawn for the time being.}) 39. Rb4 Rc1+ 40. Kd4 Rd1+ 41. Ke4 Ra1 42. Rxb5 {
and White gradually wins:} Ra4+ 43. Kd5 Ra6 44. Rb7+ Kg8 45. Ke4 Ra5 46. Rd7
Kh7 47. Rd5 Ra4+ 48. Kf3 Kg6 49. h5+ Kf7 50. Rd7+ Kg8 51. Bf4 Kh7 52. Rc7 Ra5
53. Kg4 Ra2 54. Be3 Ra4+ 55. f4 Ra1 56. Bd4 Ra6 57. Bc5 Kg8 58. Kf5 Ra2 59.
Rc8+ Kh7 60. Bf8 Kg8 61. Be7+ Kh7 62. Ke6 Ra4 63. Kf7 Ra7 (63... Rxf4 64. Rg8
Rg4 65. Bf8) 64. Rc2 Ra4 65. Rg2 Rxf4 66. Rxg7+ Kh8 67. Rg6 {It is now up to
Black to find a decent reply to 10.e3.} 1-0